| 000 | 00502nam a2200157 a 4500 | ||
|---|---|---|---|
| 001 | 000044726 | ||
| 005 | 20201002045559.0 | ||
| 008 | 150108s2009 dr 000 0 spa d | ||
| 020 | _a9789945131017 | ||
| 040 |
_aDO-SdBNP _bspa _cBNPHU |
||
| 082 |
_axxxxxx _bxxxxxx |
||
| 100 | 1 |
_aSeleme, Pedro _972726 |
|
| 245 | 1 | 0 |
_aPoemas para Germinar : _bel sacrificio de un amor excelente con trascendentes consecuencias / _cPedro Seleme. |
| 260 |
_aSanto Domingo : _bMediabyte, _c2009. |
||
| 300 |
_a120 p. ; _c20 cm. |
||
| 999 |
_c44215 _d44215 |
||